Structures on Manifolds Volume 3 (Record no. 530901)

000 -LEADER
fixed length control field 00365nam a2200133Ia 4500
008 - FIXED-LENGTH DATA ELEMENTS--GENERAL INFORMATION
fixed length control field 191014s9999 xx 000 0 und d
020 ## - INTERNATIONAL STANDARD BOOK NUMBER
International Standard Book Number 9971-966-16-6
082 ## - DEWEY DECIMAL CLASSIFICATION NUMBER
Classification number 516.362
Author Mark YAN
100 ## - MAIN ENTRY--PERSONAL NAME
Personal name k Yano & M Kon
9 (RLIN) 20329
245 #0 - TITLE STATEMENT
Title Structures on Manifolds Volume 3
260 ## - PUBLICATION, DISTRIBUTION, ETC.
Place of publication, distribution, etc. Singapore
Name of publisher, distributor, etc. World Scientific Publishing Co,
Date of publication, distribution, etc. 1984
300 ## - PHYSICAL DESCRIPTION
Extent Ix,508
942 ## - ADDED ENTRY ELEMENTS (KOHA)
Koha item type Book
Holdings
Withdrawn status Lost status Damaged status Not for loan Permanent Location Current Location Date acquired Source of acquisition Cost, normal purchase price Total Checkouts Full call number Barcode Date last seen Price effective from Koha item type
        School of Natural Sciences (SNS) School of Natural Sciences (SNS) 10/15/2019 Donation 0.00   516.362YAN SNS0002678 10/15/2019 10/15/2019 Book
© 2023 Central Library, National University of Sciences and Technology. All Rights Reserved.